| 000 | 01834nam a2200361 c 4500 | ||
|---|---|---|---|
| 003 | BLK | ||
| 005 | 20210225101446.0 | ||
| 008 | 180413b bul|||||r ||||||| ||bul|| | ||
| 010 | _aKNG00023776000 | ||
| 020 |
_a954-520-127-4 _bиздат.: Отворено о-во |
||
| 040 | _aBLK | ||
| 041 |
_aBUL _cBUL |
||
| 080 |
_aСоциография. Социално положение. Условия на политическия и социалния живот. Социално и социално-икономическо положение на отделните страни, народи, раси. Социална география. (Общи въпроси) _b308 _x(417) _z308(417) |
||
| 080 |
_aЦивилизация. Култура. Прогрес. История на културата вж 930.85 _b008 _x(417) _z008(417) |
||
| 100 | 1 |
_aАлександров, Емил Ангелов _eпърви автор _9255574 |
|
| 139 |
_aАлександров, Емил Ангелов _bА 51 |
||
| 245 | 1 | 0 |
_aИрландия _bДетелина, арфа и светци _cЕмил Ангелов Александров. |
| 257 | _aBGR | ||
| 260 |
_аСофия _bОтворено о-во _c1998 _fСофия : Д. Благоев |
||
| 300 |
_a168 с., 8 л. _bцв. ил., сх. _c22 см |
||
| 380 | _a3 | ||
| 490 | 1 | _aОчерци за европейските страни | |
| 650 | 4 |
_aСоциално-икономическо положение - Ирландия _9265711 |
|
| 650 | 4 |
_aКултура - Ирландия _9265712 |
|
| 651 | 4 |
_aИрландия _9257553 |
|
| 653 | _aИрландия | ||
| 653 | _aсоциално-икономическо развитие | ||
| 852 | _aЦб 197808 | ||
| 856 | 4 |
_qpdf _u |
|
| 856 | 4 |
_qpdf _u |
|
| 942 |
_cKNG _n0 _02 |
||
| 944 |
_aCR _c15.01.2003 _kГеновева_Генчева |
||
| 944 |
_aED _c10.03.2014 _k |
||
| 999 |
_c21496 _d21496 |
||